| 000 | 00792nam a2200229Ia 4500 | ||
|---|---|---|---|
| 001 | 15434 | ||
| 003 | GE_BSU | ||
| 008 | 181216s||||||||xx |||||||||||||| ||und|| | ||
| 040 | _cGE_BSU | ||
| 080 | _a821.353.1-32 | ||
| 100 | _aჩაჩანიძე,როდამ | ||
| 245 | _aგზა ნავსადგურისაკენ მიდის | ||
| 245 | _bმოთხრობები | ||
| 245 | _cრედ.შ.ამისულაშვილი. მხატვ.თ.ნუთუბიძე | ||
| 260 | _aთბილისი | ||
| 260 | _bნაკადული | ||
| 260 | _c1963 | ||
| 300 | _a239გვ.21სმ. | ||
| 653 | _aგზა ნავსადგურისაკენ მიდის | ||
| 653 | _aმოთხრობები | ||
| 942 | _cBK | ||
| 999 |
_c48537 _d48537 |
||